000 00577cam a22001934a 4500
005 20250605164346.0
008 250528s ||||||||||||||||||||||||d
035 _a23883
040 _aGR-AtMCL
_bgre
_dGR-AtMCL
_eAACR2
245 1 _aObesity / A Big Issue
260 _c2005
300 _a69
520 _aPsychology in India, How Do You Tell Someone You're Letting Go?, Registering Interest, What Kind Psychology for All?.
700 1 _aSutton Jon
_99351
942 _cCR
710 2 _aThe British Psychological Society
_99823
999 _c8801
_d8801